000 00413nam a22001697a 4500
003 NUST - PNEC
005 20170116180853.0
008 150827b xxu||||| |||| 00| 0 eng d
020 _a0521648319
040 _cLIBRARY
082 _a620 GAR
100 _95827
_aGarratt, James
245 _aDesign and technology
_c James,Garratt
250 _a2th ed
650 _95828
_aEngineering
_xEE/EL
942 _2ddc
_cBK
999 _c64701
_d64701